| 000 | 01765cab a22003255a 4500 | ||
|---|---|---|---|
| 001 | L147113 | ||
| 008 | 090402s2009 xxk f v 000 0 eng d | ||
| 035 | _a(Sirsi) u147113 | ||
| 041 | 0 | _aeng | |
| 100 | 1 | _aMaurici, James | |
| 245 | 0 | 0 | _aJudicial review under the Planning Act 2008 |
| 260 | _c2009 | ||
| 490 | 0 |
_aJournal of Planning and Environment Law _v4 2009, 446-451(6) |
|
| 520 | _aConsiders the role of the Infrastructure Planning Commission in determining development consent for nationally significant infrastructure projects. Outlines provisions in the Planning Act 2008 for the judicial review of decisions which must be filed within six weeks of the decision being made. Concludes that the 2008 Act will result in a large number of legal challenges to planning decision on major infrastructure projects in future years. | ||
| 590 | _aKA | ||
| 650 | 2 | 4 | _aPLANNING ACT 2008 |
| 650 | 2 | 4 | _aBOVALE LTD V SOS COMMUNITIES AND LOCAL GOVERNMENT |
| 650 | 2 | 4 | _aR (ON THE APPLICATION OF BUGLIFE - THE INVERTEBRATE CONSERVATION TRUST) V THURROCK THAMES GATEWAY DEVELOPMENT CORPORATION |
| 650 | 2 | 4 | _aR (ON THE APPLICATION OF BURKETT) V HAMMERSMITH AND FULHAM LBC (NO 1) |
| 650 | 2 | 4 | _aBOVALE LTD V SOS COMMUNITIES AND LOCAL GOVERNMENT |
| 650 | 2 | 4 | _aR (ON THE APPLICATION OF EDWARDS) V ENVIRONMENT AGENCY (NO 1) |
| 650 | 2 | 4 | _aR V SOS TRANSPORT AND ANOTHER EX P CUMMINS |
| 650 | 2 | 4 | _aR V SOS TRANSPORT EX P MEDWAY |
| 650 | 2 | 4 | _aR V SOS TRANSPORT EX P WELLS |
| 650 | 2 | 4 | _aR (ON THE APPLICATION OF GREENPEACE LTD) V SOS TRADE & INDUSTRY |
| 650 | 2 | 4 | _aR (ON THE APPLICATION OF BARD) V SOS COMMUNITIES AND LOCAL GOVERNMENT |
| 651 | 4 |
_aEngland and Wales _y1543- |
|
| 690 | _aENVIRONMENT AND LAND CONSULTANCY-PLANNING AND DEVELOPMENT | ||
| 942 | _n0 | ||
| 999 |
_c81388 _d81388 |
||